000 00446nam a2200181Ia 4500
001 2866
005 20260306144838.0
008 260306t2013||||xx |||||||||||||| ||spa||
041 _aESP
082 _a230.81
_bF81L
100 _aFrancisco, Papa
_eAUT
245 0 _aLumen fidei:
_bcarta encĂ­clica del Sumo PontĂ­ficie Francisco, sobre la fe
260 _c2013
300 _a
_c
650 _aGEN
654 _aCHU
942 _cLIB
_dJUS
_fJUS
_2ddc
_n
999 _c2866
_d2866